[Event "Petrozavodsk Karelian Autumn"]
[Site "Petrozavodsk"]
[Date "2013.10.13"]
[Round "3"]
[White "Velikodvorskaya, Regina"]
[Black "Dmitriev, Andrey V"]
[Result "0-1"]
[WhiteElo "1670"]
[BlackElo "1963"]
[PlyCount "76"]
[EventDate "2013.10.12"]
[EventType "swiss"]
[EventRounds "9"]
[EventCountry "RUS"]
[SourceTitle "EXT 2014"]
[Source "ChessBase"]
[SourceDate "2013.11.20"]
[SourceVersion "1"]
[SourceVersionDate "2013.11.20"]
[SourceQuality "1"]

1. Nf3 d5 2. g3 c6 3. d4 Nf6 4. Bg2 Bg4 5. h3 Bh5 6. 0-0 Nbd7 7. Re1 e6 8. Bf4 Be7 9. Nbd2 0-0 10. c4 a5 11. a3 h6 12. g4 Bg6 13. c5 b6 14. b4 b5 15. Nh2 Ne4 16. Nxe4 dxe4 17. e3 Nf6 18. Nf1 Nd5 19. Bg3 axb4 20. Qb3 bxa3 21. Rxa3 Qd7 22. Rea1 Qb7 23. Nd2 f5 24. gxf5 exf5 25. Be5 Bf7 26. Qb2 Bf6 27. Bd6 Be7 28. Be5 Rfc8 29. Nc4 Rxa3 30. Rxa3 Ra8 31. Nd6 Bxd6 32. Bxd6 Rxa3 33. Qxa3 b4 34. Qb2 Qa7 35. Bf1 Qa3 36. Qb1 b3 37. Bc4 b2 38. Qa2 Qxa2 0-1

[Event "FICGS W-ch st1 g10 email"]
[Site "FICGS email"]
[Date "2011.04.01"]
[Round "1"]
[White "Chang, Henk"]
[Black "Dmitriev, Andrey V"]
[Result "1/2-1/2"]
[WhiteElo "1800"]
[BlackElo "1764"]
[PlyCount "69"]
[EventDate "2011.??.??"]
[EventType "tourn (corr)"]
[EventRounds "8"]
[SourceTitle "Corr 2013"]
[Source "ChessBase"]
[SourceDate "2012.11.12"]
[SourceVersion "1"]
[SourceVersionDate "2012.11.12"]
[SourceQuality "1"]

1. e4 e5 2. Nf3 d6 3. d4 Nf6 4. dxe5 Nxe4 5. exd6 Nxd6 6. Bf4 Be7 7. Bd3 0-0 8. 0-0 Re8 9. Re1 Nc6 10. Nc3 Be6 11. Qd2 Bf6 12. Rad1 Nb4 13. Be2 Bf5 14. Bd3 Nxd3 15. cxd3 Be6 16. Bg5 h6 17. Bxf6 Qxf6 18. Rc1 c6 19. Ne4 Nxe4 20. dxe4 Rad8 21. Qc3 Qxc3 22. Rxc3 f6 23. h3 g5 24. e5 f5 25. b3 Kg7 26. Rcc1 g4 27. hxg4 fxg4 28. Nh2 Rd7 29. Re4 h5 30. Rce1 Kg6 31. Nf1 c5 32. Ng3 h4 33. Ne2 Bf5 34. Rc4 Rxe5 35. Nf4+ 1/2-1/2

[Event "FICGS W-ch st1 g10 email"]
[Site "FICGS email"]
[Date "2011.04.01"]
[Round "1"]
[White "Flores, Luis"]
[Black "Dmitriev, Andrey V"]
[Result "1-0"]
[WhiteElo "1976"]
[BlackElo "1764"]
[PlyCount "113"]
[EventDate "2011.??.??"]
[EventType "tourn (corr)"]
[EventRounds "8"]
[SourceTitle "Corr 2013"]
[Source "ChessBase"]
[SourceDate "2012.11.12"]
[SourceVersion "1"]
[SourceVersionDate "2012.11.12"]
[SourceQuality "1"]

1. e4 e5 2. Nf3 d6 3. d4 Nf6 4. Nc3 Nbd7 5. Bc4 Be7 6. 0-0 0-0 7. Re1 c6 8. a4 a5 9. h3 Nb6 10. Ba2 Nfd7 11. Be3 exd4 12. Bxd4 Nc5 13. Bxc5 dxc5 14. Qe2 Be6 15. Bxe6 fxe6 16. Nd1 Qe8 17. Ne3 Qg6 18. Ng4 Bd6 19. b3 Rad8 20. Rad1 Bc7 21. c4 Nd7 22. Rd3 h5 23. Rxd7 hxg4 24. Rxd8 Rxd8 25. Nh4 Qg5 26. Qxg4 Qxg4 27. hxg4 Rd3 28. Rb1 Rd4 29. Nf3 Rxe4 30. Ng5 Rxg4 31. Nxe6 Bb6 32. Rd1 Re4 33. Ng5 Re7 34. f4 g6 35. Kf2 Bc7 36. Kf3 b6 37. Rd2 Kg7 38. g3 Kf6 39. Rh2 Rd7 40. Rh8 Rd3+ 41. Kg4 Re3 42. Rh7 Re7 43. Kf3 Rxh7 44. Nxh7+ Kf5 45. g4+ Ke6 46. Ng5+ Kf6 47. Ke4 Bb8 48. Nf3 Ke6 49. g5 Bd6 50. Nh4 Kf7 51. f5 gxf5+ 52. Kxf5 b5 53. cxb5 cxb5 54. axb5 c4 55. bxc4 a4 56. Nf3 a3 57. Nd4 1-0

[Event "FICGS W-ch st1 g10 email"]
[Site "FICGS email"]
[Date "2011.04.01"]
[Round "1"]
[White "Khokhlov, Igor I"]
[Black "Dmitriev, Andrey V"]
[Result "1-0"]
[WhiteElo "2094"]
[BlackElo "1764"]
[PlyCount "63"]
[EventDate "2011.??.??"]
[EventType "tourn (corr)"]
[EventRounds "8"]
[SourceTitle "Corr 2013"]
[Source "ChessBase"]
[SourceDate "2012.11.12"]
[SourceVersion "1"]
[SourceVersionDate "2012.11.12"]
[SourceQuality "1"]

1. e4 c5 2. Nf3 Nc6 3. d4 cxd4 4. Nxd4 Nf6 5. Nc3 e6 6. Bg5 d6 7. Qd2 a6 8. 0-0-0 Bd7 9. f4 b5 10. Bxf6 gxf6 11. Kb1 Qb6 12. Nxc6 Bxc6 13. f5 b4 14. Ne2 Bxe4 15. fxe6 Rc8 16. Nd4 fxe6 17. Bd3 Bd5 18. Qe2 e5 19. Bf5 Rc4 20. Ne6 Qc6 21. Rhf1 Bxg2 22. Bd3 Rh4 23. Rxf6 Be7 24. Bxa6 Bxf6 25. Bb5 Ke7 26. Bxc6 Bxc6 27. Qd3 d5 28. Rf1 Rg8 29. a4 Rg6 30. Qa6 Rc4 31. Nc7 Kd7 32. Qa7 1-0

[Event "Karelian op 10th"]
[Site "Petrozavodsk"]
[Date "2010.10.16"]
[Round "9"]
[White "Makarov, Pavel"]
[Black "Dmitriev, Andrey V"]
[Result "1-0"]
[WhiteElo "2046"]
[BlackElo "1958"]
[PlyCount "31"]
[EventDate "2010.10.01"]
[EventType "swiss"]
[EventRounds "9"]
[EventCountry "RUS"]
[SourceTitle "EXT 2022"]
[Source "ChessBase"]
[SourceDate "2021.10.06"]
[SourceVersion "1"]
[SourceVersionDate "2021.10.06"]
[SourceQuality "1"]

1. Nf3 d5 2. e3 Nf6 3. c4 c6 4. Nc3 e6 5. d4 Nbd7 6. Bd3 dxc4 7. Bxc4 b5 8. Bd3 Bb7 9. 0-0 a6 10. a3 c5 11. Bc2 Be7 12. Qe2 0-0 13. Ne5 Nxe5 14. dxe5 Nd7 15. f4 Qb6 16. Qd3 1-0

[Event "FICGS rapid B 000150 email"]
[Site "FICGS email"]
[Date "2010.05.19"]
[Round "1"]
[White "Dmitriev, Andrey V"]
[Black "Sternik, Ryszard"]
[Result "1-0"]
[WhiteElo "1800"]
[BlackElo "1803"]
[PlyCount "67"]
[EventDate "2010.??.??"]
[EventType "tourn (rapid)"]
[EventRounds "5"]
[SourceTitle "Corr 2013"]
[Source "ChessBase"]
[SourceDate "2012.11.12"]
[SourceVersion "1"]
[SourceVersionDate "2012.11.12"]
[SourceQuality "1"]

1. d4 d5 2. c4 c6 3. Nf3 Nf6 4. Nc3 a6 5. c5 Nbd7 6. Bf4 Nh5 7. e3 g6 8. h4 Nxf4 9. exf4 Bg7 10. h5 b6 11. cxb6 Qxb6 12. Qd2 Rb8 13. b3 Nf6 14. h6 Bf8 15. Rc1 e6 16. Bd3 Bd6 17. g3 Qb7 18. Qe2 Qb4 19. Kf1 c5 20. dxc5 Qxc5 21. Kg2 Qb4 22. Bxa6 0-0 23. Bd3 Bd7 24. Qb2 Qa3 25. Qa1 Be7 26. Ne5 Qa8 27. Ne2 Rfd8 28. Nd4 Rbc8 29. a4 Be8 30. a5 Bf8 31. a6 Rb8 32. f3 Rb6 33. Rc7 Bd6 34. Nxg6 1-0

[Event "Karelian Winter op (4R)"]
[Site "Petrozavodsk"]
[Date "2009.12.19"]
[Round "4"]
[White "Bakulin, Alexander"]
[Black "Dmitriev, Andrey V"]
[Result "0-1"]
[WhiteElo "1981"]
[BlackElo "1852"]
[PlyCount "104"]
[EventDate "2009.12.19"]
[EventType "swiss"]
[EventRounds "4"]
[EventCountry "RUS"]
[SourceTitle "EXT 2022"]
[Source "ChessBase"]
[SourceDate "2021.10.06"]
[SourceVersion "1"]
[SourceVersionDate "2021.10.06"]
[SourceQuality "1"]

1. d4 d5 2. Nc3 Nf6 3. Bg5 c5 4. Bxf6 gxf6 5. Nf3 e6 6. e4 dxe4 7. Nxe4 cxd4 8. Qxd4 Qxd4 9. Nxd4 f5 10. Bb5+ Ke7 11. Ng3 a6 12. Be2 Bd7 13. Bf3 Nc6 14. Nxc6+ bxc6 15. 0-0 Rb8 16. Rab1 Bg7 17. c3 Rhd8 18. Rfe1 Kf8 19. Nh5 Bh8 20. g4 fxg4 21. Bxg4 Be8 22. Re3 f5 23. Be2 e5 24. Rh3 f4 25. Bxa6 Bg6 26. Re1 Rxb2 27. Nxf4 exf4 28. Rf3 Bf6 29. Rxf4 Rd6 30. a4 Kg7 31. c4 Rd4 32. Rf3 Rbd2 33. h3 Rd1 34. Rfe3 Rxe1+ 35. Rxe1 Bc2 36. a5 Bb3 37. Rc1 Bd8 38. Bb7 Bxa5 39. Bxc6 Rxc4 40. Rxc4 Bxc4 41. f3 Kf6 42. Kg2 Kg5 43. Be4 h6 44. Kf2 Bb6+ 45. Kg2 Be6 46. f4+ Kxf4 47. Ba8 Kg5 48. Bb7 Kh4 49. Bc6 Bxh3+ 50. Kh1 Kg3 51. Bb7 h5 52. Bc8 Bg2# 0-1

[Event "Karelian Autumn op-B"]
[Site "Petrozavodsk"]
[Date "2009.10.13"]
[Round "5"]
[White "Dmitriev, Andrey V"]
[Black "Bogdeev, Semen A"]
[Result "1/2-1/2"]
[WhiteElo "1837"]
[BlackElo "2015"]
[PlyCount "125"]
[EventDate "2009.10.10"]
[EventType "swiss"]
[EventRounds "9"]
[EventCountry "RUS"]
[SourceTitle "EXT 2022"]
[Source "ChessBase"]
[SourceDate "2021.10.06"]
[SourceVersion "1"]
[SourceVersionDate "2021.10.06"]
[SourceQuality "1"]

1. e4 e6 2. d4 d5 3. Nd2 dxe4 4. Nxe4 Nd7 5. Nf3 Ngf6 6. Bd3 Nxe4 7. Bxe4 Nf6 8. Bg5 Be7 9. Bxf6 Bxf6 10. Qd3 h6 11. Bxb7 Rb8 12. Bxc8 Rxc8 13. 0-0 0-0 14. c3 c5 15. Rfd1 cxd4 16. Nxd4 Qb6 17. Qe2 Rb8 18. Rab1 Rfc8 19. Qf3 Rd8 20. Nb3 Qa6 21. Ra1 Rxd1+ 22. Qxd1 Qb6 23. Qc2 a5 24. Rb1 a4 25. Nd2 Bg5 26. Ne4 a3 27. Nxg5 hxg5 28. b3 Rd8 29. Rd1 Rd5 30. Rxd5 exd5 31. Qd3 Qe6 32. Kf1 Qe5 33. g3 Qe6 34. Kg2 Qc6 35. f3 g4 36. Qd4 gxf3+ 37. Kxf3 Qb5 38. Kf2 Qd7 39. g4 Qd6 40. Kg2 Qe6 41. h3 Qe2+ 42. Qf2 Qb2 43. b4 Qxc3 44. b5 Qb4 45. Qb6 Qb2+ 46. Kg3 Qxa2 47. Qd8+ Kh7 48. Qh4+ Kg6 49. Qh5+ Kf6 50. Qf5+ Ke7 51. Qe5+ Kd7 52. Qf5+ Kd6 53. Qf4+ Kc5 54. Qc7+ Kxb5 55. Qb7+ Kc4 56. Qc6+ Kb4 57. Qb6+ Kc3 58. Qe3+ Kc4 59. Qf4+ Kc3 60. Qe3+ Kb2 61. Qd2+ Ka1 62. Qc1+ Qb1 63. Qxa3+ 1/2-1/2

[Event "Karelia-ch"]
[Site "Petrozavodsk"]
[Date "2008.03.07"]
[Round "4"]
[White "Dmitriev, Andrey V"]
[Black "Popelyshev, Igor Viktorovich"]
[Result "1/2-1/2"]
[WhiteElo "1997"]
[BlackElo "2130"]
[PlyCount "97"]
[EventDate "2008.03.05"]
[EventType "swiss"]
[EventRounds "9"]
[EventCountry "RUS"]
[SourceTitle "CBM 123 Extra"]
[Source "ChessBase"]
[SourceDate "2008.05.06"]
[SourceVersion "1"]
[SourceVersionDate "2008.05.06"]
[SourceQuality "1"]

1. e4 e5 2. Nf3 Nc6 3. Nc3 Nge7 4. d4 exd4 5. Nxd4 Nxd4 6. Qxd4 Nc6 7. Qd5 Be7 8. Bf4 d6 9. 0-0-0 0-0 10. f3 Bf6 11. Qd2 Be6 12. g4 a5 13. Kb1 a4 14. g5 Be5 15. Be3 f5 16. exf5 Bxf5 17. Bc4+ Kh8 18. f4 Bxc3 19. Qxc3 a3 20. b3 Re8 21. h4 Be4 22. Rhf1 Qe7 23. Rde1 d5 24. Bb5 Qb4 25. Qxb4 Nxb4 26. Bd2 Nc6 27. f5 Bxc2+ 28. Kc1 Rxe1+ 29. Rxe1 Bxf5 30. Bxc6 bxc6 31. Re7 c5 32. Rxc7 Rc8 33. Ra7 c4 34. b4 c3 35. Bf4 g6 36. Be5+ Kg8 37. Rg7+ Kf8 38. Rxh7 Rc4 39. b5 Ke8 40. Bf6 Rb4 41. Bxc3 Rxb5 42. Ra7 Rb1+ 43. Kd2 Rh1 44. Rxa3 Rxh4 45. Ra7 d4 46. Bb4 Rh2+ 47. Ke1 Kd8 48. a4 Ra2 49. a5 1/2-1/2